|
|
|
|
| LEADER |
00000nam0a2200000 4500 |
| 001 |
231101 |
| 005 |
20231101231043.0 |
| 035 |
|
|
|a (RuTPU)RU\TPU\book\252117
|
| 035 |
|
|
|a RU\TPU\book\252115
|
| 090 |
|
|
|a 231101
|
| 100 |
|
|
|a 20130129d1925 k y0rusy50 ca
|
| 101 |
0 |
|
|a rus
|
| 102 |
|
|
|a RU
|
| 105 |
|
|
|a ab z 001zy
|
| 200 |
1 |
|
|a Геологические исследования в СЗ части Северо- Енисейского Горного Округа, произведенные в 1921 и 1923 г.г.
|e с геологической картой и 5 фигурами
|f И. Г. Николаев
|
| 210 |
|
|
|a Томск
|c Красное знамя
|d 1925
|
| 215 |
|
|
|a 48 с.
|c ил., карта
|
| 225 |
1 |
|
|a Известия Сибирского Отделения Геологического Комитета
|v Т. 4, вып. 4
|
| 317 |
|
|
|5 63413507: КР-651
|a Поступила в НТБ в 2004 г. в составе книжного собрания профессора ТПИ К. В. Радугина.
|
| 320 |
|
|
|a Библиогр.: с. 45-46.
|
| 606 |
1 |
|
|a Геология
|y Красноярский край
|2 stltpush
|3 (RuTPU)RU\TPU\subj\67493
|9 83268
|
| 610 |
1 |
|
|a геологические исследования
|
| 610 |
1 |
|
|a орография
|
| 610 |
1 |
|
|a геологический очерк
|
| 610 |
1 |
|
|a интрузивные породы
|
| 610 |
1 |
|
|a эффузивные породы
|
| 610 |
1 |
|
|a формации
|
| 610 |
1 |
|
|a тектоника
|
| 610 |
1 |
|
|a библиотека К. В. Радугина
|
| 610 |
1 |
|
|a владельческая надпись
|
| 675 |
|
|
|a 55(571.51)
|v 3
|
| 700 |
|
1 |
|a Николаев
|b И. Г.
|
| 801 |
|
1 |
|a RU
|b 63413507
|c 20130129
|
| 801 |
|
2 |
|a RU
|b 63413507
|c 20211207
|g RCR
|
| 942 |
|
|
|c BK
|